000 00868nam a2200265 a 4500
001 58428
003 BD-RJUL
005 20211209080623.0
008 161218s1968 enk b 000 0 eng d
020 _a0434912603
035 _aBD-RJUL 58552
040 _aDLC
_cDLC
_dUKM
_dEQO
_beng
041 _aeng
082 _a331
_223
_bMOI 1968
100 1 _aMortimer, J. E.
_q(James Edward),
_d1921-2013.
_9173539
245 1 0 _aIndustrial relations /
_c[by] J. E. Mortimer
260 _aLondon :
_bPublished in association with the Institute of Supervisory Management [by] Heinemann,
_c1968
300 _a[11], 114 p. ;
_c23 cm
490 1 _aThe Supervisor's bookshelf
650 0 _aIndustrial relations
_9172462
710 2 _aInstitute of Supervisory Management.
_9173540
830 4 _aThe Supervisor's bookshelf
_9173541
942 _2ddc
_cBK
999 _c58428
_d58428